Регионална библиотека "Любен Каравелов" - Русе

Арбитражният договор в международните икономически отношения (Запис номер 475115)

MARC детайли
000 -Лидер
Контролно поле с фиксирана дължина nam a22 a 4500
003 - Код на организацията, давaща контролен номер
Контролно поле BLK
005 - Дата и час на последна редакция
Контролно поле 20221005161418.0
008 - Елементи от данни с фиксирана дължина
fixed length control field 221005b bu |||||r|||| 00| | bu d
040 ## - Източник на каталожния запис
Идентификатор на билиотеката - собственик на записа BLK
041 ## - Код за език
Код за езика на текст/звукозапис или на отделно заглавие Български
Код за езика КДБФ Български
080 ## - УДК
Текстов определител УДК Международен арбитраж - Международна подсъдност, международни спорове, мирни принудителни мерки, международни съдилища(напр. Европейски съд) и др.
УДК код - определител по УДК 341.6
УДК - код + определител 341.6
100 ## - Редна дума - Автор
R(LIN) 1299
Автор Дичев, Александър С.
Авторска отговорност първи автор
139 ## - Редно поле
Редна дума Дичев, Александър С.
245 ## - Сведения за заглавието
Заглавие Арбитражният договор в международните икономически отношения
Подзаглавни данни [Изследване]
Редно поле (дума) Александър Дичев
260 ## - Област на издателските данни
9 (RLIN) 211679
Място на издаване, разпространение и проч. София
Име на издателя, разпространителя и проч. Бълг. търг.-пром. палата
Година на издаване 1975
Издателство - префикс ISBN 954-614-
300 ## - Физическа характеристика
Страници 88 с.
Размери/Мащаб 22 см
380 ## - Жанр
Жанр Обществени науки
490 ## - СЕРИИ (Колекции)
9 (RLIN) 203405
Име на серия Библиотека Българска търговско-промишлена палата
№: серия № 78
500 ## - Общи забележки
Забележка Авт. не е отбелязан на кор<br/>Офс. изд<br/>800 тир<br/>Библиогр. с. 68-82 ; Рез. на фр. ез
650 #0 - Допълнително описание по предмет – тема
9 (RLIN) 263704
Основно описание – тема или топоним Арбитраж, международен
852 ## - Местоположение
Форматна сигнатура Цб 77744
Фондова буква Хранилище
999 ## - СИСТЕМНИ КОНТРОЛНИ НОМЕРА
Koha biblionumber 475115
Koha biblioitemnumber 475115
942 ## - АРТИКУЛИ
Вид на библиотечния материал Книги
Скрит в OPAC Не
Периодичен библиозапис Да
944 ## - СЪЗДАВАНЕ И РЕДАКЦИЯ на ЗАПИСА
Създаване/Редакция Създаване
Дата на регистрацията/редакция 2022-10-05
Служител, извършил регистрацията/редакцията ВП
Наличности
Код за отписване Код за изгубен артикул Източник на класификационната схема Код за повреда Коз за рестрикции Код за отдаване Артикулен № Име на библиотеката - собственик Име на библиотеката, в която се намира в момента Статус (Текущо местоположение) Дата на вписване в системата Местоположение - отдел Цена в лева Инвентарен номер Систематично азбучна сигнатура Баркод Цена в евро Служебен тип на артикула
  Не е изгубен Universal Decimal Classification Не е повреден само за читалня ползва се в читалня 906871 Регионална библиотека "Любен Каравелов" Русе Регионална библиотека "Любен Каравелов" Русе Хранилище 2022-10-07 Хранилище 0.00 191197 Цб 77744 120000191197 0.00 Книги
Vip Innovations Ltd, Rousse, Bulgaria 2025